| 000 | 00561nam a22001577a 4500 | ||
|---|---|---|---|
| 003 | NUST | ||
| 038 | _aNusrat Nadeem | ||
| 082 | _a200 | ||
| 100 |
_aNaqshbandi, Syed Tariq _9130564 |
||
| 245 |
_aReinforcement learning-based - controller and nonlinear control optimizer for cancerous tumor dynamics/ _cSyed Tariq Naqshbandi, |
||
| 264 |
_aIslamabad: _bSEECS NUST. _c2025. |
||
| 650 |
_aMS- Electrical Engineering _923567 |
||
| 700 |
_aSupervisor: Dr. Iftikhar Ahmad _997150 |
||
| 856 | _uhttp://10.250.8.41:8080/xmlui/handle/123456789/54626 | ||
| 942 |
_2ddc _cSC |
||
| 999 |
_c614759 _d614759 |
||